| 000 | 00924cam a2200253 i 4500 | ||
|---|---|---|---|
| 001 | 21097120 | ||
| 003 | OSt | ||
| 005 | 20241203140217.0 | ||
| 008 | 190722s2018 enka 001 0 eng | ||
| 010 | _a 2019301204 | ||
| 020 |
_a9781108562898 _q(paperback) |
||
| 020 |
_a9781108407144 _q(paperback + Cambridge Online Mathematics, 2 years) |
||
| 020 |
_z9781108462204 _q(Cambridge Online Mathematics, 2 years) |
||
| 040 |
_aDDC _cMUST |
||
| 100 | 1 |
_aPemberton, Sue _c(Mathematics examiner), _916645 |
|
| 245 | 1 | 0 |
_aPure mathematics 1 : _bcoursebook / _cSue Pemberton. |
| 246 | 3 | _aPure mathematics one | |
| 264 | 1 |
_aCambridge, United Kingdom : _bCambridge University Press, _c2018. |
|
| 300 |
_ax, 321p.: _billustrations (some color) ; _c28 cm. |
||
| 490 | 0 | _aCambridge international AS & A level mathematics | |
| 504 | _aIncludes index. | ||
| 650 | 0 |
_aMathematics _xExaminations _vStudy guides. _916646 |
|
| 942 |
_2ddc _cB_BANK |
||
| 999 |
_c8151 _d8151 |
||